Evangelia, quae per totum annum leguntur tam de tempore quam de sanctiss ex missali romano.

Detalles Bibliográficos
Formato: Libro
Publicado: Madrid 1790
Materias:
Colección:Banco de datos
Acervo:Biblioteca del Convento de Santa Mónica de la Ciudad de Puebla. Puebla
Tema general:Liturgia
Notas:Buena. F8, 4.
LEADER 00610nam a22001810004500
035 |a 50658 
036 |a 426 
245 1 0 |a Evangelia, quae per totum annum leguntur tam de tempore quam de sanctiss ex missali romano. 
260 |a Madrid  |b Benito Cano imp.  |c 1790 
500 |a Buena. F8, 4. 
650 1 0 |a Liturgia 
949 |a CRP 
959 |a Ex convento de Santa Mónica. Puebla, Puebla  |b CCC5 
960 |a Convento de Santa Mónica de la ciudad de Puebla  |b DD88 
961 |a Franciscana  |b OF 
942 |c CRP-SM 
943 |g Biblioteca del Convento de Santa Mónica de la Ciudad de Puebla. Puebla 
999 |c 960996  |d 960996